Name the Top 50 Safest Countries in the World - Statistics

General Stats
  • This quiz has been taken 277 times
  • The average score is 36 of 50
Answer Stats
Rank Country % Correct
38 United Kingdom
95%
13 Sweden
94%
1 Iceland
93%
15 Spain
93%
11 Canada
92%
43 Japan
92%
20 Germany
91%
6 Norway
91%
3 Finland
90%
18 Australia
89%
9 Denmark
89%
2 Switzerland
89%
16 Ireland
88%
40 Italy
88%
31 Netherlands
88%
4 Portugal
88%
5 Austria
87%
36 France
87%
10 New Zealand
87%
34 South Korea
86%
27 Poland
85%
19 Belgium
83%
26 Slovakia
82%
12 Slovenia
81%
14 Czech Republic
80%
17 Estonia
80%
24 Latvia
80%
25 Lithuania
79%
22 Croatia
76%
28 Hungary
76%
8 Singapore
76%
33 Romania
74%
21 United Arab Emirates
73%
42 Bulgaria
69%
7 Qatar
67%
50 Argentina
60%
37 Kuwait
59%
23 Oman
57%
39 Malaysia
55%
35 Uruguay
54%
32 Cyprus
51%
46 Moldova
48%
30 Bhutan
42%
49 Georgia
40%
29 Mongolia
37%
44 Kazakhstan
35%
48 Jordan
30%
45 Morocco
28%
47 Laos
23%
41 Botswana
21%
No matching quizzes found
Score Distribution
Percent of People with Each Score
Percentile by Number Answered
Your Score History
You have not taken this quiz